Country Logic Puzzle by Scambigol #3 - Statistics

General Stats
  • This quiz has been taken 1,428 times
  • The average score is 20 of 30
Answer Stats
Answer % Correct
Kazakhstan
79%
Kenya
78%
Benin
77%
Gambia
76%
Kyrgyzstan
76%
Canada
75%
Colombia
75%
Monaco
75%
Guyana
73%
Kiribati
73%
Cyprus
72%
Myanmar
72%
Bangladesh
70%
Germany
69%
Kuwait
67%
Kosovo
66%
Malawi
65%
Bulgaria
64%
Mexico
64%
Cuba
62%
Niger
62%
Switzerland
61%
Yemen
61%
Bosnia and Herzegovina
59%
Vatican City
56%
Oman
54%
Uruguay
52%
Central African Republic
46%
India
42%
Argentina
35%
No matching quizzes found
Score Distribution
Percent of People with Each Score
Percentile by Number Answered
Your Score History
You have not taken this quiz